| 000 | 00742 a2200241 4500 | ||
|---|---|---|---|
| 003 | Nust | ||
| 005 | 20170207165831.0 | ||
| 010 | _a 2009921730 | ||
| 020 | _a1402099193 (alk. paper) | ||
| 020 | _a1402099207 (e-ISBN) | ||
| 020 | _a9781402099199 (alk. paper) | ||
| 020 | _a9781402099205 (e-ISBN) | ||
| 035 | _a(OCoLC)ocn310400762 | ||
| 040 | _cNust | ||
| 082 | 0 | 4 | _a620.0042015118 |
| 100 | 1 | _aHauser, John Reid. | |
| 245 | 1 | 0 |
_aNumerical methods for nonlinear engineering models (E-BOOK) _cJohn R. Hauser. |
| 260 |
_a[Dordrecht] : _bSpringer, _cc2009. |
||
| 300 |
_axiii, 1013 p. : _bill. ; _c24 cm. |
||
| 500 | _aIncludes index. | ||
| 650 | 0 |
_aEngineering design _xMathematical models. |
|
| 650 | 0 |
_aNonlinear systems _xMathematical models. |
|
| 942 |
_2ddc _cBK |
||
| 999 |
_c213282 _d213282 |
||